| 000 | 01831nab a2200241 i 4500 | ||
|---|---|---|---|
| 003 | BR-BrBNA | ||
| 005 | 20250825135935.0 | ||
| 008 | 250825b2021 bl.ar|pooa||| 00| 0 eng | | ||
| 040 |
_aBR-BrBNA _beng |
||
| 072 | _aF70 | ||
| 100 | _aFerreira, Carlos Daniel Miranda | ||
| 245 | _aQuararibea bovinii (Malvaceae), a new species from the Brazilian Atlantic Forest | ||
| 500 | _aPublicação on-line; 26 ref.; 4 illus.; Summaries (En, Pt) | ||
| 520 | _a Abstract In the present study, I propose a new species, Quararibea bovinii, an Atlantic Forest tree. The new taxon occurs in southeastern Brazil, in the states of Espírito Santo, Rio de Janeiro, and São Paulo. It resembles Q. similis in terms of floral morphology and fruit shape, but it is distinguished by the indumenta of leaves, leaf width, and seed shape. Key words: bifurcated trichome, conservation, domatia, Matisieae, taxonomy. Resumo Quararibea bovinii é proposta como uma nova espécie para a Mata Atlântica. Sua distribuição é restrita ao sudeste do Brasil, ocorrendo nos estados do Espírito Santo, Rio de Janeiro e São Paulo. É semelhante a Q. similis em relação à morfologia das flores e forma dos frutos, mas se distingue pelo indumento das folhas, a largura das folhas e a forma das sementes. Palavras-chave: tricoma bifurcado, conservação, domácia, Matisieae, taxonomia. | ||
| 650 | _aCONSERVAÇÃO | ||
| 650 | _aDOMÁCIA | ||
| 650 | _aMORFOLOGIA VEGETAL | ||
| 650 | _aTAXONOMIA | ||
| 773 | 0 |
_0709 _9357347 _dRio de Janeiro-RJ Jardim Botanico do Rio de Janeiro 1935 _o2025-5311 _tRodriguésia (Brazil) _x0370-6583; 2175-7860 on-line _gv. 72 p. 1-8; (2021) _wBR2025001774 |
|
| 856 | _uhttps://www.scielo.br/j/rod/a/fsKnvK5pzNPpT5kyRLVtqTy/?format=pdf&lang=en | ||
| 942 | _cANA | ||
| 999 |
_c337787 _d337787 |
||